| 000 | 00978nam a2200193 i 4500 | ||
|---|---|---|---|
| 001 | 46536 | ||
| 003 | ES-MaACL | ||
| 007 | t| | ||
| 008 | 030331s1980 sp ||||1| spa d | ||
| 111 | 2 |
_aCongreso Nacional de Biofarmacia y Farmacocinética ( _n3º. _d1979. _cBarcelona) _9523 |
|
| 245 | 1 | 0 |
_aIII Congreso Nacional de Biofarmacia y farmacocinética _b: 1979, Barcelona. I Congreso Hispano-Francés de Biofarmacia y Farmacocinética. |
| 260 |
_a[Madrid : _bConsejo General de Colegios Oficiales de Farmaceúticos], _c1980. |
||
| 300 |
_a4 v. ; _c24 cm. |
||
| 505 | 8 | _aContiene: V.I.: Conferencias plenarias. -- V.II.: Biofarmacia. -- V. III.: Farmacocinética. -- V. IV.: Farmacología clínica | |
| 711 | 2 |
_aI Congreso Hispano-Francés de Biofarmacia y Farmacocinética. _9755 |
|
| 740 | 0 | _aPrimer Congreso Hispano-Francés de Biofarmacia y Farmacocinética. | |
| 740 | 0 | _aTercer Congreso Nacional de Biofarmacia y Farmacocinética. | |
| 852 |
_aES-MaACL _jL-3318-21 _bR.104156 |
||
| 999 |
_c46536 _d46536 |
||